Comentarios sobre la sociedad del espectáculo, seguido de Prólogo a la cuarta edición italiana de La sociedad del espectáculo
Enregistré dans:
| Auteur principal: | |
|---|---|
| Format: | Livre |
| Langue: | espagnol |
| Publié: |
Barcelona
Anagrama
2003
|
| Édition: | 3a. ed |
| Collection: | Colección Argumentos, 112
|
| Sujets: | |
| Tags: |
Ajouter un tag
Pas de tags, Soyez le premier à ajouter un tag!
|
MARC
| LEADER | 00000cam a2200000 a 4500 | ||
|---|---|---|---|
| 001 | UCF8812 | ||
| 003 | CL-VaPUC | ||
| 008 | 131004e20030900sp |||||||||||||||||spa|d | ||
| 020 | |a 8433905791 | ||
| 082 | 0 | 4 | |a 301 |b DEB |2 21 |
| 100 | 0 | |a Debord, Guy |e author |9 570924 | |
| 245 | 1 | 0 | |a Comentarios sobre la sociedad del espectáculo, seguido de Prólogo a la cuarta edición italiana de La sociedad del espectáculo |
| 250 | |a 3a. ed | ||
| 300 | |a 135 p | ||
| 942 | |c BK | ||
| 945 | |d 20131004 22:02:00 |a dcastane | ||
| 260 | |a Barcelona |b Anagrama |c 2003 | ||
| 650 | 0 | |a Antropología cultural y social |9 265143 | |
| 650 | 0 | |a Psicología social |9 222894 | |
| 650 | 7 | |a FILOSOFIA POLITICA |2 CL-VaPUC |9 570925 | |
| 583 | |a last modification |c 20131004 22:02:00 |k Rodrigo Vera | ||
| 490 | 0 | |a Colección Argumentos, 112 | |
| 999 | |c 353344 |d 353342 | ||
| 952 | |0 0 |1 0 |3 erb |4 0 |6 301_000000000000000_DEB_2003 |7 0 |8 R |9 458483 |a BIBART |b BIBART |d 2019-11-23 |i 5014727 |l 8 |o 301 DEB 2003 |p 5014727 |r 2025-03-13 |s 2024-05-02 |w 2019-11-23 |y BK_R |z Catalogado en:20131004 |k ART | ||